Vplyv ťažby nerastných surovín na životné prostredie
Tisícročia ťažby nerastných surovín zanechali v teréne zreteľné stopy. Ťažba a úprava surovín. Exogénne procesy na skládkach. Zmeny reliéfu. Možnosti remediácie krajiny.
Guardado en:
| Autor principal: | |
|---|---|
| Formato: | Capítulo de libro |
| Lenguaje: | eslovaco |
| Materias: | |
| Etiquetas: |
Sin Etiquetas, Sea el primero en etiquetar este registro!
|
MARC
| LEADER | 00000naa a2200000 4500 | ||
|---|---|---|---|
| 001 | 0121592 | ||
| 005 | 20231128133110.2 | ||
| 041 | 0 | |a slo | |
| 044 | |a SK | ||
| 245 | 1 | 0 | |a Vplyv ťažby nerastných surovín na životné prostredie |c Peter Andráš |
| 520 | |a Tisícročia ťažby nerastných surovín zanechali v teréne zreteľné stopy. Ťažba a úprava surovín. Exogénne procesy na skládkach. Zmeny reliéfu. Možnosti remediácie krajiny. | ||
| 610 | 2 | 0 | |a ťažba surovín |
| 610 | 2 | 0 | |a prostredie životné |
| 610 | 2 | 0 | |a skládky odpadu |
| 610 | 2 | 0 | |a ochrana prostredia životného |
| 100 | 1 | |a Andráš, Peter | |